Score 0/24 Timer 03:00
5 Plays Today
Name Answer % Correct
Marco ____Polo
98.6%
Edgar Allan ____ Poe
98.2%
Pablo ____ Picasso
97.8%
____ ReverePaul
90.1%
____ the GreatPeter
84.6%
James K. ____Polk
80.3%
Eva ____Perón
79.7%
____Plato
79.5%
Pol ____Pot
78.3%
George S. ____Patton
75.8%
____ VillaPancho
70%
Sylvia ____Plath
65.1%
Name Answer % Correct
Juan ____ de LeónPonce
62%
____ NerudaPablo
58.4%
____-Auguste RenoirPierre
52.3%
Blaise ____Pascal
52.1%
Augusto ____Pinochet
50.8%
____ Bysshe ShelleyPercy
50.4%
Marcel ____Proust
48.5%
Max ____Planck
39.6%
Francisco ____Pizarro
35.9%
Alexander ____Pushkin
27.3%
Gavrilo ____Princip
25.5%
Octavio ____Paz
13.2%

Today's Daily Dose

Remove Ads.
Support Sporcle.
Get the best of Sporcle when you Go Orange. This ad-free experience offers more features, more stats, and more fun while also helping to support Sporcle. Thank you for becoming a member.

You're not logged in!

Compare scores with friends on all Sporcle quizzes.
OR
Log In

Show Comments

Extras

Top Quizzes Today


Score Distribution

Your Account Isn't Verified!

In order to create a playlist on Sporcle, you need to verify the email address you used during registration. Go to your Sporcle Settings to finish the process.

Report this User

Report this user for behavior that violates our Community Guidelines.

Details: